000 00403nam a2200157 i 4500
001 bgj
100 1 _aSNOW, C. P.
_d(1905-1980).
245 1 0 _aCorridors of Power /
_cC. P. Snow.
260 _aNew York :
_bCharles Scribner's Sons,
_cc. 1964.
300 _a403 pp ;
_c22 cm.
650 9 _aEnglish fiction
040 _cBPK
041 0 _aeng
942 _cKS
008 s uk f |000 0 eng
999 _c49109
_d49109